• 首页
  • 本馆介绍
  • 公告通知
  • 最新文献
  • 馆藏检索
  • 电子资源
  • 读者导购
  • 参考咨询
  • 我的图书馆
  • 登录
  • 详细信息显示
  • 放入我的书架
  • 预约/预借图书
  • 作者相关作品
  • 分类相关作品
  • 丛书相关作品
  • 出版社相关作品

书目信息

  • 表格格式
  • 工作单格式
  • 卡片格式
题名:
通过知识与技能获得解放
    
 
作者: 曲克敏 著
分册:  
出版信息: 北京   中国经济出版社  2010
页数: 148页
开本: 24cm
丛书名:
单 册:
中图分类: F241 , G71
科图分类:
主题词: 劳动力资源--资源管理--研究 , 职业教育--研究 , 劳动力资源 , 资源管理 , 职业教育
电子资源:
ISBN: 978-7-5017-9484-3
000 01227nam0 2200325 45
001 1034574913
005 20100319081953.04
010    @a978-7-5017-9484-3@dCNY32.00
100    @a20100312d2010 em y0chiy50 ea
101 0  @achi
102    @aCN@b110000
105    @ay z 000yy
106    @ar
200 1  @a通过知识与技能获得解放@ATong Guo Zhi Shi Yu Ji Neng Huo De Jie Fang@e关于人力资源与职业教育的哲学思考@EGuan Yu Ren Li Zi Yuan Yu Zhi Ye Jiao Yu De Zhe Xue Si Kao@f曲克敏著@FQu Ke Min Zhu
210    @a北京@c中国经济出版社@d2010
215    @a148页@d24cm
312    @a封面英文题名:Success through knowledge and skills
330    @a本书分为“人力资源篇”、“职业教育篇”,从哲学高度,以独特的视角,对中国人力资源与职业教育进行了全新的探索。
510 1  @aSuccess through knowledge and skills@zeng
517 1  @a关于人力资源与职业教育的哲学思考@AGuan Yu Ren Li Zi Yuan Yu Zhi Ye Jiao Yu De Zhe Xue Si Kao
606 0  @a劳动力资源@x资源管理@x研究
606 0  @a职业教育@x研究
606 0  @a劳动力资源
606 0  @a资源管理
606 0  @a职业教育
690    @aF241@v4
690    @aG71@v4
701  0 @a曲克敏@AQu Ke Min@f(1957~)@4著
801  0 @aCN@bTANGWEI@c20100319
905    @b0586434-38@dF241@e81@f5
    
    通过知识与技能获得解放:关于人力资源与职业教育的哲学思考/曲克敏著.-北京:中国经济出版社,2010
    148页;24cm
    
    
    ISBN 978-7-5017-9484-3:CNY32.00
    本书分为“人力资源篇”、“职业教育篇”,从哲学高度,以独特的视角,对中国人力资源与职业教育进行了全新的探索。
●
相关链接 在E读中查询图书 在五车中查询图书 在当当中查询图书 在豆瓣中查询图书


正题名:通过知识与技能获得解放     索取号:F241/81         预约/预借

序号 登录号 条形码 馆藏地/架位号 状态 备注
1 0586434   205864340   第一样本阅览室/ [索取号:F241/81] 在馆    
2 0586435   205864359   第一借阅区/ [索取号:F241/81] 在馆    
3 0586436   205864368   密集书库-海洋学院/ [索取号:F241/81] 在馆    
4 0586437   205864377   第一借阅区/ [索取号:F241/81] 在馆    
5 0586438   205864386   第一借阅区/ [索取号:F241/81] 在馆    
唐山师范学院图书馆 欢迎您!
大连网信软件有限公司© 版权所有